| 000 | 00670nam a2200145 i 4500 | ||
|---|---|---|---|
| 001 | 31095 | ||
| 003 | ES-MaACL | ||
| 007 | t| | ||
| 008 | 030128s1862 fr ||||1| fre d | ||
| 100 | 1 |
_aBazin, Antoine-Pierre Ernest. _926746 |
|
| 245 | 1 | 0 |
_aLeçons théoriques et cliniques sur les affections cutanées de nature arthritique et dartrense considerées en elles mêmes et dans leurs rapport avec eruptions scropulenses parasitaries / _cAntoine-Pierre Ernest Bazin ; rédigées et publiées par Lucient Sergent. |
| 260 |
_aParís : _b[s.n., _c1862] ( _fE. Martinet) |
||
| 700 | 1 |
_aSergent, Lucien. _9105545 |
|
| 852 |
_aES-MaACL _jG-14082(3) _q. - Encuadernado con otras obras |
||
| 999 |
_c31095 _d31095 |
||